| 000 | 01450nam a2200373Ia 4500 | ||
|---|---|---|---|
| 001 | ebr10593701 | ||
| 003 | CaPaEBR | ||
| 006 | m u | ||
| 007 | cr cn||||||||| | ||
| 008 | 090304s2009 ilua sb s001 0 eng d | ||
| 010 | _z 2009009442 | ||
| 020 | _z9780252034589 | ||
| 020 | _z9780252092350 | ||
| 020 | _z0252034589 | ||
| 020 | _z9780252076930 | ||
| 020 | _z0252076931 | ||
| 040 |
_aCaPaEBR _cCaPaEBR |
||
| 035 | _a(OCoLC)760071932 | ||
| 050 | 1 | 4 |
_aKMK1067 _b.S34 2009eb |
| 100 | 1 | _aSchejter, Amit. | |
| 245 | 1 | 0 |
_aMuting Israeli democracy _h[electronic resource] : _bhow media and cultural policy undermine free expression / _cAmit M. Schejter. |
| 260 |
_aUrbana : _bUniversity of Illinois Press, _cc2009. |
||
| 300 |
_axix, 192 p. : _bill. |
||
| 490 | 1 | _aThe history of communication | |
| 504 | _aIncludes bibliographical references (p. 161-178) and index. | ||
| 533 |
_aElectronic reproduction. _bPalo Alto, Calif. : _cebrary, _d2011. _nAvailable via World Wide Web. _nAccess may be limited to ebrary affiliated libraries. |
||
| 650 | 0 |
_aBroadcasting _xLaw and legislation _zIsrael. |
|
| 650 | 0 |
_aFreedom of expression _zIsrael. |
|
| 650 | 0 |
_aBroadcasting policy _zIsrael. |
|
| 655 | 7 |
_aElectronic books. _2local |
|
| 710 | 2 | _aebrary, Inc. | |
| 830 | 0 | _aHistory of communication. | |
| 856 | 4 | 0 |
_uhttp://site.ebrary.com/lib/rucke/Doc?id=10593701 _zAn electronic book accessible through the World Wide Web; click to view |
| 999 |
_c111822 _d111822 |
||